000 00698nas a2200241 4500
001 BR7905057
003 BR-BrBNA
005 20231205083900.0
007 ta
008 230509b bl.|||p| |||| 00| 00por d
040 _aBR-BrBNA
_bpor
_cBiblioteca Nacional de Agricultura
041 _a(Pt)
072 _aE70
100 1 _aNunes, S.
100 1 _aRodrigues, M.
245 1 _aNovo produto brasileiro na exportacao [Peru; Meleagris gallipano]
650 _aComercializacao
650 _aPeru
650 _aExportacao
773 0 _tAgricultura de Hoje (Brazil)
_xISSN 0100-5707
_g(Dec 1979), v. 5(55) p. 10-11
_wBR7905057
909 _a202311
_bLúcia
_c55
_dLúcia Elande
942 _2AGRIS
_n0
_cANA
999 _c101794
_d101794